[Event "Stuttgart-chB int"]
[Site "Ditzingen"]
[Date "2013.05.11"]
[Round "6"]
[White "Meissner, Michael"]
[Black "Weis, Olga"]
[Result "1-0"]
[WhiteElo "1885"]
[BlackElo "1676"]
[PlyCount "43"]
[EventDate "2013.05.09"]
[EventType "swiss"]
[EventRounds "7"]
[EventCountry "GER"]
[SourceTitle "EXT 2014"]
[Source "ChessBase"]
[SourceDate "2013.11.20"]
[SourceVersion "1"]
[SourceVersionDate "2013.11.20"]
[SourceQuality "1"]

1. e4 e5 2. Nf3 Nc6 3. Bc4 Bc5 4. c3 Nf6 5. d3 d6 6. 0-0 0-0 7. Bb3 Be6 8. Bc2 a6 9. d4 exd4 10. cxd4 Bc4 11. dxc5 Bxf1 12. Qxf1 dxc5 13. Bg5 Qd6 14. Nc3 Rfe8 15. Rd1 Qe6 16. Bb3 Qg4 17. Qc4 Qh5 18. Bxf6 gxf6 19. Nd5 Qg6 20. Nh4 Qg7 21. Nxc7 Na5 22. Nxe8 1-0

[Event "Stuttgart-chB int"]
[Site "Ditzingen"]
[Date "2013.05.10"]
[Round "3"]
[White "Meissner, Michael"]
[Black "Fuchs, Egbert"]
[Result "0-1"]
[WhiteElo "1885"]
[BlackElo "1706"]
[PlyCount "92"]
[EventDate "2013.05.09"]
[EventType "swiss"]
[EventRounds "7"]
[EventCountry "GER"]
[SourceTitle "EXT 2014"]
[Source "ChessBase"]
[SourceDate "2013.11.20"]
[SourceVersion "1"]
[SourceVersionDate "2013.11.20"]
[SourceQuality "1"]

1. e4 c5 2. Nf3 g6 3. d4 cxd4 4. Nxd4 Bg7 5. c4 Nc6 6. Be3 d6 7. Nc3 Nf6 8. f3 0-0 9. Be2 Nxd4 10. Bxd4 Be6 11. 0-0 Qa5 12. Rc1 Rfc8 13. b3 a6 14. Qd3 Nd7 15. Bxg7 Kxg7 16. Qd4+ f6 17. f4 Qc5 18. Rfd1 Qxd4+ 19. Rxd4 Rc7 20. f5 Bf7 21. fxg6 hxg6 22. Nd5 Bxd5 23. exd5 Ne5 24. Rc3 Rh8 25. Rg3 b5 26. cxb5 axb5 27. Bxb5 Rc1+ 28. Bf1 Ra1 29. a4 Rc8 30. Kf2 Rc2+ 31. Be2 Raa2 32. Re3 f5 33. h3 g5 34. g3 Kf6 35. Ke1 Ra1+ 36. Rd1 Raa2 37. Bd3 Rh2 38. Bf1 f4 39. gxf4 gxf4 40. Rc3 Rac2 41. Rcd3 Nxd3+ 42. Rxd3 Ke5 43. b4 Ke4 44. Rd1 Ra2 45. a5 f3 46. Rc1 Rh1 0-1